[Event "Chaumont/La Francheville"]
[Site "?"]
[Date "2016.03.13"]
[Round "6"]
[White "Picard, Serge"]
[Black "Carré, Cédric"]
[Result "1/2-1/2"]
[WhiteElo "2044"]
[BlackElo "2076"]
[PlyCount "100"]
[EventDate "2016.03.14"]
[SourceDate "2016.03.14"]

1. e4 Nf6 2. e5 Nd5 3. Nf3 d6 4. d4 g6 5. Bc4 Nb6 6. Bb3 Bg7 7. O-O O-O 8. Bf4
Nc6 9. c3 Bg4 10. exd6 exd6 11. Nbd2 a5 12. a4 Qd7 13. h3 Be6 14. Re1 Rae8 15.
Nf1 Bxb3 16. Qxb3 Nd8 17. Bd2 Rxe1 18. Nxe1 Qe6 19. Qb5 Nc6 20. Ne3 d5 21. Nd3
Bh6 22. Nc5 Qc8 23. Nf1 Bg7 24. Nb3 Qd7 25. Nc5 Qc8 26. Bf4 Re8 27. Nd2 Bxd4
28. Ncb3 Bg7 29. Nf3 Re4 30. Bg3 Bf8 31. Nxa5 Nxa5 32. Qxa5 Qd7 33. Nd4 Nc4 34.
Qxc7 Qxc7 35. Bxc7 Nxb2 36. a5 Bc5 37. Bb6 Bxd4 38. Bxd4 Re7 39. a6 (39. Rb1)
39... bxa6 40. Rxa6 f5 41. Rd6 Rc7 42. Rxd5 Na4 43. Be5 Rc6 44. Rd3 Kf7 45. f4
Ke6 46. Kf2 Nc5 47. Rd1 Ne4+ 48. Kf3 Rc8 49. g4 Rc6 50. Ra1 Nd2+ 1/2-1/2

[Event "Chaumont/La Francheville"]
[Site "?"]
[Date "2016.03.13"]
[Round "6"]
[White "Belloy, Julien"]
[Black "Rapinel, Franck"]
[Result "1/2-1/2"]
[WhiteElo "2087"]
[BlackElo "2120"]
[PlyCount "84"]
[EventDate "2016.03.14"]
[SourceDate "2016.03.14"]

1. c4 e5 2. Nc3 Nf6 3. g3 d5 4. cxd5 Nxd5 5. Bg2 Nb6 6. Nf3 Nc6 7. O-O Be7 8.
d3 O-O 9. a3 Re8 10. b4 Bf8 11. Bb2 a5 12. b5 Nd4 13. e3 Nf5 14. Ne4 f6 15. Rc1
Nd6 16. Nxd6 Bxd6 17. Nd2 a4 18. Ne4 Ra5 19. d4 Rxb5 20. dxe5 fxe5 21. Nxd6
Qxd6 22. Qc2 c6 23. Rfd1 Qh6 24. Be4 Bg4 25. Rd2 Qh5 26. f4 Rb3 27. Bxe5 Rxe3
28. Rb1 Rxe4 29. Qxe4 Bf5 30. Qb4 Bxb1 31. Qxb6 Bf5 32. Qxb7 Qg6 33. Rd6 Qf7
34. Qxf7+ Kxf7 35. Rxc6 Re7 36. Kf2 Be6 37. Ke3 Bb3 38. Ke4 Rd7 39. Rc7 Rxc7
40. Bxc7 Ke6 41. f5+ Kf7 42. h4 g6 1/2-1/2

[Event "Chaumont/La Francheville"]
[Site "?"]
[Date "2016.03.13"]
[Round "6"]
[White "Da Costa, Manuel"]
[Black "Belloy, Nicolas"]
[Result "1-0"]
[WhiteElo "1887"]
[BlackElo "1959"]
[PlyCount "83"]
[EventDate "2016.03.14"]
[SourceDate "2016.03.14"]

1. e4 c5 2. Nf3 e6 3. g3 Nc6 4. Bg2 Nf6 5. d3 Be7 6. Nc3 d6 7. O-O O-O 8. b3 a6
9. Bb2 Qc7 10. Re1 b5 11. d4 b4 12. Nb1 e5 13. d5 Nd4 14. Nxd4 cxd4 15. Nd2 Bg4
16. f3 Bd7 17. Nc4 Bb5 18. Bf1 Rfc8 19. a4 Bxc4 20. Bxc4 Nd7 21. Bc1 Nc5 22.
Bd2 a5 23. Kg2 Rf8 24. f4 f6 25. f5 g6 26. Qg4 g5 27. h4 Qd8 28. Rh1 Rf7 29.
hxg5 fxg5 30. Rh5 Rg7 31. Bb5 Bf6 32. Rah1 Raa7 33. Rh6 Qe7 34. R1h5 Rc7 35.
Bc4 Nxa4 36. Rxf6 Qxf6 37. Bxg5 Qf7 38. Rh6 Nc5 39. Rxd6 Rd7 40. Rc6 (40. Rxd7
$3) 40... Kh8 41. Rxc5 Qg8 42. Bf6 1-0

[Event "Chaumont/La Francheville"]
[Site "?"]
[Date "2016.03.13"]
[Round "6"]
[White "Fleurentin, Arnaud"]
[Black "Masera, Michel"]
[Result "1/2-1/2"]
[WhiteElo "1740"]
[BlackElo "1835"]
[PlyCount "112"]
[EventDate "2016.03.14"]
[SourceDate "2016.03.14"]

1. c4 c5 2. Nc3 Nc6 3. g3 g6 4. Bg2 Bg7 5. Nf3 e6 6. O-O Nge7 7. d3 d5 8. cxd5
exd5 9. Bf4 O-O 10. Qd2 Be6 11. a3 Nf5 12. Ng5 Nfd4 13. Nxe6 fxe6 14. Qd1 Kh8
15. Bd2 Ne7 16. e3 Ndc6 17. Qc2 Ne5 18. f4 Ng4 19. Bh3 Nxe3 20. Bxe3 d4 21. Bd2
dxc3 22. Bxc3 Bd4+ 23. Bxd4+ Qxd4+ 24. Qf2 Nf5 25. Bxf5 Qxf2+ 26. Kxf2 exf5 27.
Rfe1 Rfe8 28. b4 cxb4 29. axb4 a6 30. Re5 Red8 31. Ke3 Rd7 32. Rc1 Rad8 33. Rc3
Rd4 34. Re8+ Rxe8+ 35. Kxd4 Re7 36. Kd5 Kg8 37. Kd6 Re3 38. Kc7 b5 39. Kb6 Re6+
40. Rc6 Re2 41. Kxa6 Rxh2 42. d4 Rh3 43. Rc3 h5 44. d5 Kf7 45. Kxb5 h4 46. Rc7+
Ke8 47. gxh4 Rxh4 48. Rg7 Rxf4 49. Rxg6 Rf1 50. Kc5 f4 51. b5 f3 52. Rf6 Kd7
53. Rf7+ Ke8 54. Rf5 Kd7 55. Kb6 f2 56. Rf6 Ke7 1/2-1/2

[Event "Chaumont/La Francheville"]
[Site "?"]
[Date "2016.03.13"]
[Round "6"]
[White "Parisot, Anthony"]
[Black "Brodier, Thierry"]
[Result "1/2-1/2"]
[WhiteElo "1823"]
[BlackElo "1675"]
[PlyCount "106"]
[EventDate "2016.03.14"]
[SourceDate "2016.03.14"]

1. Nf3 d5 2. d4 Nf6 3. c4 e6 4. Bg5 Be7 5. Nc3 c6 6. e3 Nbd7 7. Bd3 dxc4 8.
Bxc4 Nd5 9. Bxe7 Qxe7 10. O-O O-O 11. Rc1 N5b6 12. Bd3 e5 13. Qc2 h6 14. Rfe1
Re8 15. a3 g6 16. b4 f5 17. Qb3+ Kg7 18. Bf1 e4 19. Nd2 Nf6 20. b5 Bd7 21. a4
Nbd5 22. Nc4 Nxc3 23. Rxc3 cxb5 24. axb5 Be6 25. Qb2 Rec8 26. Ne5 Rxc3 27. Qxc3
Rc8 28. Qa5 b6 29. Qa4 Bd5 30. Ra1 Rc7 31. g3 h5 32. Kg2 Ng4 33. Nxg4 hxg4 34.
Qa3 Qd7 35. Qb2 Kf6 36. Rc1 Qh7 37. Rxc7 Qxc7 38. Qb4 Kf7 39. Qa3 Kf6 40. Qf8+
Ke6 41. Qg8+ Qf7 42. Qc8+ Qd7 43. Qg8+ Qf7 44. Qxf7+ Kxf7 45. h3 gxh3+ 46. Kxh3
Kf6 47. g4 Kg5 48. gxf5 gxf5 49. Kg3 Be6 50. f3 exf3 51. Kxf3 Bd5+ 52. Kg3 Be4
53. Be2 Bd5 1/2-1/2

[Event "Chaumont/La Francheville"]
[Site "?"]
[Date "2016.03.13"]
[Round "6"]
[White "Cauvin, Alain"]
[Black "Kerlau, Gildas"]
[Result "1-0"]
[WhiteElo "1645"]
[BlackElo "1777"]
[PlyCount "133"]
[EventDate "2016.03.14"]
[SourceDate "2016.03.14"]

1. e4 d6 2. Nf3 Nf6 3. Nc3 g6 4. e5 dxe5 5. Nxe5 Bg7 6. Be2 O-O 7. O-O Nd5 8.
Nf3 Nxc3 9. dxc3 e5 10. Bg5 Qxd1 11. Raxd1 Be6 12. Rd2 Nd7 13. a3 Nc5 14. Bh4
Ne4 15. Rdd1 f6 16. Nd2 Nd6 17. f3 Nf5 18. Bf2 b6 19. Rfe1 Rad8 20. Ne4 Nd6 21.
Nxd6 Rxd6 22. Rxd6 cxd6 23. Rd1 d5 24. Be3 Rc8 25. Bd3 Kf7 26. Kf2 f5 27. g3 h6
28. f4 d4 29. Bd2 e4 30. Ba6 e3+ 31. Ke2 exd2 32. Bxc8 Bxc8 33. cxd4 Bxd4 34.
c3 Ba6+ 35. Kxd2 Bf6 36. Kc2 Bc8 37. Kb3 Ke7 38. Kb4 a6 39. a4 Ke6 40. Kc4 Bb7
41. Kb4 Bc6 42. Ka3 Be7+ 43. b4 Bd5 44. Kb2 Bc4 45. Kc2 b5 46. a5 Kf6 47. Rd7
g5 48. Ra7 gxf4 49. gxf4 Bd6 50. Rxa6 Ke7 51. Ra7+ Ke6 52. Rb7 Kd5 53. a6 Kc6
54. Rh7 Kb6 55. Rxh6 Kc7 56. a7 Bd5 57. Rh8 Bxf4 58. a8=Q Bxa8 59. Rxa8 Bxh2
60. Rf8 f4 61. Kd3 Kd6 62. Ke4 Bg3 63. Rf5 Kc6 64. Rf6+ Kc7 65. Kd5 Be1 66.
Rxf4 Bxc3 67. Kc5 1-0

[Event "Chaumont/La Francheville"]
[Site "?"]
[Date "2016.03.13"]
[Round "6"]
[White "Lehmann, Kevin"]
[Black "Regnier, Cédric"]
[Result "1-0"]
[WhiteElo "1330"]
[BlackElo "1587"]
[PlyCount "101"]
[EventDate "2016.03.14"]
[SourceDate "2016.03.14"]

1. d4 Nf6 2. Nf3 e6 3. e3 b6 4. Bd3 Bb7 5. Nbd2 d6 6. O-O Be7 7. e4 Nbd7 8. Re1
O-O 9. Nf1 Rc8 10. Ng3 h6 11. Bd2 c5 12. c3 Ng4 13. h3 Ngf6 14. Rc1 Nh7 15. Be3
Bh4 16. Nxh4 Qxh4 17. Qh5 Qxh5 18. Nxh5 f5 19. exf5 exf5 20. Bf4 d5 21. Re7 Rf7
22. Rxf7 Kxf7 23. Bxf5 g6 24. Bxd7 Rd8 25. Bg4 gxh5 26. Bxh5+ Kf6 27. Bxh6 Bc8
28. Bf4 Rg8 29. Bf3 Bxh3 30. Bxd5 Be6 31. Bxe6 Kxe6 32. dxc5 bxc5 33. c4 Nf6
34. Be3 Nd7 35. Rd1 Rb8 36. b3 Rc8 37. f4 Rc7 38. g4 Nf6 39. g5 Ne4 40. Rd5 Nc3
41. Rxc5 Rd7 42. Re5+ Kf7 43. c5 Nxa2 44. c6 Rc7 45. Rc5 Nb4 46. Bd2 Nd3 47.
Rc3 Nb4 48. Rh3 Nd5 49. Rh7+ Kg6 50. Rxc7 Nxc7 51. Ba5 1-0

[Event "Chaumont/La Francheville"]
[Site "?"]
[Date "2016.03.13"]
[Round "2"]
[White "Wille, Frédéric"]
[Black "Louot, Catherine"]
[Result "1-0"]
[WhiteElo "1569"]
[BlackElo "1332"]
[PlyCount "77"]
[EventDate "2016.03.14"]
[SourceDate "2016.03.14"]

1. d4 d5 2. Nf3 Nc6 3. Bf4 Bf5 4. e3 e6 5. a3 Nf6 6. c4 Be7 7. Nc3 O-O 8. Rc1
Na5 9. cxd5 exd5 10. Ne5 Rc8 11. b4 Nc6 12. Nxc6 bxc6 13. Ba6 Rb8 14. O-O Bd6
15. Bg5 Bxh2+ 16. Kxh2 Ng4+ 17. Qxg4 Bxg4 18. Bxd8 Rfxd8 19. Be2 Bf5 20. Bf3
Rd6 21. Rh1 Rh6+ 22. Kg1 Rg6 23. Ne2 Rb6 24. Ng3 Bd7 25. e4 dxe4 26. Bxe4 Ra6
27. Bxg6 fxg6 28. Rc3 Rb6 29. Rh4 g5 30. Re4 g6 31. Re7 Bg4 32. Rxc7 Rb5 33.
Re3 Kf8 34. Rxa7 Rd5 35. Ree7 Rxd4 36. Rxh7 Kg8 37. Rhc7 Rd8 38. Rxc6 Bd7 39.
Rd6 1-0

[Event "N4 Blagny / Troyes"]
[Site "?"]
[Date "2016.03.13"]
[Round "6.4"]
[White "Brun, Franck"]
[Black "Fourcart, Marc"]
[Result "1/2-1/2"]
[WhiteElo "1831"]
[BlackElo "1696"]
[PlyCount "46"]
[EventDate "2016.03.13"]
[SourceDate "2016.03.13"]

1. e4 c5 2. Nf3 d6 3. Bb5+ Bd7 4. Bxd7+ Qxd7 5. O-O g6 6. c3 Bg7 7. d4 cxd4 8.
cxd4 e6 9. e5 d5 10. Nc3 Ne7 11. Bg5 O-O 12. Bxe7 Qxe7 13. Nb5 Nc6 14. a3 a6
15. Nc3 b5 16. Rc1 Rfc8 17. Ne1 Qa7 18. Ne2 Rc7 19. f4 Rac8 20. Nf3 Na5 21. b3
Rxc1 22. Nxc1 Bf8 23. b4 Nc4 1/2-1/2

[Event "N4 Blagny / Troyes"]
[Site "?"]
[Date "2016.03.13"]
[Round "6.5"]
[White "Chebridon, Jean Louis"]
[Black "Moine, Patrick"]
[Result "1/2-1/2"]
[WhiteElo "1620"]
[BlackElo "1806"]
[PlyCount "142"]
[EventDate "2016.03.13"]
[SourceDate "2016.03.13"]

1. b3 d5 2. Bb2 Bf5 3. e3 e6 4. Nf3 h6 5. c4 Nf6 6. cxd5 exd5 7. Be2 Nbd7 8.
O-O Bd6 9. d3 c6 10. Nbd2 Nc5 11. Qc2 O-O 12. b4 Ncd7 13. a3 Re8 14. Nb3 Qc7
15. Rac1 Rac8 16. Qd2 a6 17. g3 Qd8 18. Nbd4 Bh3 19. Rfe1 Ne5 20. Nxe5 Bxe5 21.
Nf3 Bxb2 22. Qxb2 Qd6 23. d4 Ne4 24. Nd2 Qe6 25. Nf3 Qf6 26. Bd1 h5 27. Ne5 Qf5
28. Qe2 f6 29. Nd3 g6 30. Qf3 Ng5 31. Qxf5 Bxf5 32. Nc5 Rc7 33. Kg2 Bh3+ 34.
Kg1 Rce7 35. Nxb7 Rxb7 36. Rxc6 Re6 37. Rc8+ Kg7 38. Be2 Bg4 39. Bxg4 hxg4 40.
Rec1 Nf3+ 41. Kg2 f5 42. Rd8 Nd2 43. Rxd5 Ne4 44. Rc8 Ree7 45. Rdd8 Rbc7 46.
Rg8+ Kf6 47. Rgf8+ Ke6 48. Rg8 Rxc8 49. Rxc8 Kd5 50. f3 gxf3+ 51. Kxf3 Re6 52.
g4 fxg4+ 53. Kxg4 Nf2+ 54. Kf3 Rf6+ 55. Ke2 Ne4 56. Kd3 Nf2+ 57. Ke2 Ne4 58.
Kd3 Re6 59. Rd8+ Rd6 60. Rxd6+ Nxd6 61. a4 g5 62. h3 Ne4 63. b5 axb5 64. axb5
Nf2+ 65. Ke2 Nxh3 66. Kf3 Ke6 67. Kg4 Nf2+ 68. Kxg5 Ne4+ 69. Kf4 Nc3 70. Kf3
Nxb5 71. Ke4 Nd6+ 1/2-1/2

[Event "N4 Blagny / Troyes"]
[Site "?"]
[Date "2016.03.13"]
[Round "6.6"]
[White "Roussel, Julien"]
[Black "Habran, Gael"]
[Result "1-0"]
[WhiteElo "1809"]
[BlackElo "1540"]
[PlyCount "39"]
[EventDate "2016.03.13"]
[SourceDate "2016.03.13"]

1. d4 d5 2. Nf3 Nf6 3. Bf4 e6 4. e3 Bd6 5. Bg3 O-O 6. Bd3 c5 7. c3 cxd4 8. cxd4
b6 9. Nbd2 Ba6 10. Bxa6 Nxa6 11. Ne5 Rc8 12. a3 Qc7 13. O-O Qc2 14. Qe2 Nb8 15.
Rac1 Qxb2 16. Nd3 Rxc1 17. Rxc1 Qa2 18. Bxd6 Ne4 19. Bxf8 Kxf8 20. Rc8+ 1-0

[Event "N4 Blagny / Troyes"]
[Site "?"]
[Date "2016.03.13"]
[Round "6.3"]
[White "Hanot, Wilfried"]
[Black "Guillaume, Jean François"]
[Result "1/2-1/2"]
[WhiteElo "1792"]
[BlackElo "1816"]
[PlyCount "53"]
[EventDate "2016.03.13"]
[SourceDate "2016.03.13"]

1. e4 c5 2. Bc4 Nc6 3. Nc3 e6 4. Nf3 d6 5. O-O Nf6 6. Re1 Be7 7. d4 cxd4 8.
Nxd4 Nxd4 9. Qxd4 O-O 10. Bg5 d5 11. exd5 Nxd5 12. Bxe7 Nxe7 13. Rad1 Qxd4 14.
Rxd4 a6 15. Red1 Nc6 16. Rd6 Ne5 17. Be2 b5 18. Ne4 Ra7 19. c3 Rc7 20. b4 f6
21. Nc5 Re8 22. Nxa6 Bxa6 23. Rxa6 Nc4 24. Bxc4 Rxc4 25. Rd3 Rec8 26. Ra3 Rxb4
27. Rb3 1/2-1/2

[Event "N4 Blagny / Troyes"]
[Site "?"]
[Date "2016.03.13"]
[Round "6.2"]
[White "Guyot, Philippe"]
[Black "Salentiny, Eric"]
[Result "1/2-1/2"]
[WhiteElo "1996"]
[BlackElo "1956"]
[PlyCount "40"]
[EventDate "2016.03.13"]
[SourceDate "2016.03.13"]

1. d4 d5 2. Nf3 c5 3. e3 cxd4 4. exd4 Nc6 5. c3 Bg4 6. Be2 Nf6 7. O-O e6 8. Bg5
Be7 9. Nbd2 Qb6 10. Qb3 Qxb3 11. axb3 Ne4 12. Be3 O-O 13. Bb5 Nxd2 14. Nxd2 a6
15. Bxc6 bxc6 16. b4 Rfb8 17. Nb3 Bd8 18. Ra3 Be2 19. Rfa1 Bb6 20. h3 Rb7
1/2-1/2

[Event "N4 Blagny / Troyes"]
[Site "?"]
[Date "2016.03.13"]
[Round "6.1"]
[White "Monaville, Guy"]
[Black "Gallant, Aurelien"]
[Result "1/2-1/2"]
[WhiteElo "2062"]
[BlackElo "2110"]
[PlyCount "73"]
[EventDate "2016.03.13"]
[SourceDate "2016.03.13"]

1. e4 c5 2. Nf3 d6 3. d3 Nc6 4. g3 g6 5. Bg2 Bg7 6. O-O Nh6 7. c3 e5 8. Na3 O-O
9. Ng5 Qe7 10. f4 f6 11. Nh3 Bg4 12. Qb3+ Be6 13. Qd1 Qd7 14. Nf2 Rab8 15. Nc2
b5 16. d4 cxd4 17. cxd4 exd4 18. Nxd4 Nxd4 19. Qxd4 f5 20. Qd1 Rfd8 21. Re1 d5
22. e5 Bf8 23. Nd3 d4 24. h3 b4 25. b3 a5 26. Bb2 a4 27. bxa4 b3 28. axb3 Bxb3
29. Qd2 Bd5 30. Ba3 Rdc8 31. Bxf8 Kxf8 32. Rec1 Bxg2 33. Qxg2 Rc3 34. Nc5 Qe7
35. Rxc3 dxc3 36. Qc6 c2 37. Nd7+ 1/2-1/2

[Event "N4 Blagny / Troyes"]
[Site "?"]
[Date "2016.03.13"]
[Round "6.7"]
[White "Desse, Mickael"]
[Black "Roussel, Jean Marc"]
[Result "0-1"]
[WhiteElo "1580"]
[BlackElo "1702"]
[PlyCount "111"]
[EventDate "2016.03.13"]
[SourceDate "2016.03.13"]

1. e4 c5 2. Nf3 Nc6 3. d4 cxd4 4. Nxd4 g6 5. Bc4 Bg7 6. Nxc6 bxc6 7. O-O Qc7 8.
Nc3 Nf6 9. Qe2 O-O 10. e5 Ne8 11. Re1 e6 12. Bf4 Rb8 13. Bb3 Bb7 14. Rad1 Rd8
15. Qe3 Qb6 16. Bg5 Qxe3 17. Rxe3 f6 18. Bxe6+ dxe6 19. Rxd8 fxg5 20. Rd7 Rf7
21. Rxf7 Kxf7 22. Na4 Ke7 23. Nc5 Bc8 24. g3 Nc7 25. c4 Na6 26. Nxa6 Bxa6 27.
b3 Bb7 28. f3 Kd8 29. Kg2 c5 30. Kh3 h5 31. f4 g4+ 32. Kh4 Bh6 33. Rd3+ Ke7 34.
h3 gxh3 35. Kxh3 g5 36. f5 exf5 37. Rd6 Bg7 38. Rg6 g4+ 39. Kh2 Bxe5 40. Rh6
Kf7 41. Kg1 Kg7 42. Re6 Bd4+ 43. Kf1 Bf6 44. Rd6 Be4 45. Rd7+ Kg6 46. Rxa7 Kg5
47. a4 h4 48. gxh4+ Kxh4 49. Rh7+ Kg3 50. Ke2 Bd4 51. Re7 Bf3+ 52. Kf1 Kf4 53.
Re8 g3 54. Rg8 Be4 55. a5 Kf3 56. a6 0-1

[Event "N4 Blagny / Troyes"]
[Site "?"]
[Date "2016.03.13"]
[Round "6.8"]
[White "Delias, Gerard"]
[Black "Beaudiot, Alain"]
[Result "0-1"]
[WhiteElo "1582"]
[BlackElo "1565"]
[PlyCount "100"]
[EventDate "2016.03.13"]
[SourceDate "2016.03.13"]

1. c4 d5 2. cxd5 Qxd5 3. Nc3 Qa5 4. Nf3 Nf6 5. d4 c6 6. Bd2 Qc7 7. h3 Bf5 8. e3
Nbd7 9. Bc4 e6 10. O-O Be7 11. Re1 Ne4 12. Nxe4 Bxe4 13. Bc3 Bf6 14. Nd2 Bg6
15. e4 O-O 16. e5 Be7 17. Nf3 b5 18. Bb3 a5 19. a4 b4 20. Bd2 Nb6 21. Rc1 Qd7
22. Bc2 Bxc2 23. Qxc2 Rac8 24. Be3 Nd5 25. Ng5 Bxg5 26. Bxg5 h6 27. Bh4 Rc7 28.
Qe4 Rfc8 29. Rc5 Ra8 30. Rec1 g5 31. Bg3 Raa7 32. h4 gxh4 33. Bxh4 Qc8 34. Qg4+
Kh7 35. Bf6 Nxf6 36. exf6 Qg8 37. Qxg8+ Kxg8 38. g4 Ra6 39. f4 Kh7 40. Kh2 Kg6
41. g5 hxg5 42. fxg5 Rd7 43. Rd1 Rd5 44. Rxd5 cxd5 45. Rg1 Rc6 46. Rg2 Rc4 47.
Rg4 Rc2+ 48. Kg3 Rxb2 49. Kf4 Rf2+ 50. Ke3 Rf5 0-1

[Event "N4 Reims / Tour du Roy"]
[Site "?"]
[Date "2016.03.14"]
[Round "?"]
[White "Halfaoui, Eddine"]
[Black "Massart, Jeremie"]
[Result "1/2-1/2"]
[WhiteElo "2006"]
[BlackElo "1972"]
[PlyCount "88"]
[EventDate "2016.03.13"]
[SourceDate "2016.03.14"]

1. d4 Nf6 2. Nf3 c5 3. d5 d6 4. c4 b5 5. cxb5 a6 6. b6 Bg4 7. Nc3 Nbd7 8. b7
Ra7 9. e4 Qb8 10. Be2 g6 11. h3 Bxf3 12. Bxf3 Qxb7 13. O-O Bg7 14. Qc2 O-O 15.
a4 Rb8 16. a5 Ne8 17. Na4 Nc7 18. Bg4 Nf8 19. Nb6 Nb5 20. Be3 h5 21. Be2 Nd7
22. Nxd7 Qxd7 23. Ra2 Nd4 24. Bxd4 Bxd4 25. b3 Qb7 26. Bc4 Qb4 27. Kh1 Qc3 28.
Qxc3 Bxc3 29. f4 f6 30. Rf3 Bd4 31. Kh2 Kg7 32. Rd2 Rab7 33. Rd1 Bb2 34. Kg3
Bd4 35. Rfd3 Bb2 36. Kf3 Ra7 37. R1d2 Ba3 38. Ra2 Bb4 39. Ke2 Kf7 40. Re3 Raa8
41. Kd3 Re8 42. e5 f5 43. g4 hxg4 44. hxg4 fxg4 1/2-1/2

[Event "N4 Reims / Tour du Roy"]
[Site "?"]
[Date "2016.03.14"]
[Round "6.2"]
[White "Jouniaux, Quentin"]
[Black "Leclere, Jean Yves"]
[Result "1/2-1/2"]
[WhiteElo "1860"]
[BlackElo "1728"]
[PlyCount "83"]
[EventDate "2016.03.13"]
[SourceDate "2016.03.14"]

1. d4 Nf6 2. e3 b6 3. f4 Bb7 4. Nf3 e6 5. Bd3 d5 6. Nbd2 Be7 7. O-O O-O 8. Ne5
c5 9. c3 a6 10. g4 Ne4 11. Qc2 f5 12. Bxe4 dxe4 13. Nb3 Nc6 14. Qg2 Nxe5 15.
dxe5 a5 16. Kh1 a4 17. Nd2 Rf7 18. Rg1 g6 19. Nf1 Qd1 20. Nd2 Qxg4 21. Qxg4
fxg4 22. Rxg4 b5 23. Rb1 Bf8 24. b3 a3 25. b4 c4 26. Ra1 Rd7 27. Nb1 Rd3 28.
Nxa3 Bxb4 29. cxb4 Raxa3 30. Bxa3 Rxa3 31. Rg3 Bd5 32. h4 Kg7 33. h5 c3 34.
hxg6 hxg6 35. Rag1 Kf7 36. Rxg6 Ke7 37. Rg7+ Kd8 38. Rg8+ Kc7 39. R1g7+ Kb6 40.
Rb8+ Kc6 41. Rc8+ Kb6 42. Rb8+ 1/2-1/2

[Event "N4 Reims / Tour du Roy"]
[Site "?"]
[Date "2016.03.14"]
[Round "6.3"]
[White "Louis, André"]
[Black "Tassetti, Florent"]
[Result "1-0"]
[WhiteElo "1678"]
[BlackElo "1770"]
[PlyCount "95"]
[EventDate "2016.03.13"]
[SourceDate "2016.03.14"]

1. e4 c5 2. Nc3 e6 3. g3 Nc6 4. Bg2 Nf6 5. d3 Be7 6. Nge2 d5 7. exd5 exd5 8.
O-O Bg4 9. h3 Bf5 10. Nf4 d4 11. Ncd5 O-O 12. Nxe7+ Qxe7 13. Re1 Qd6 14. Re2 g5
15. Bxc6 Qxc6 16. Re5 gxf4 17. Rxf5 Qe6 18. Rxf4 Rfe8 19. Bd2 Nd5 20. Qg4+ Qxg4
21. Rxg4+ Kf8 22. Bh6+ Ke7 23. a3 Rg8 24. Re1+ Kd7 25. Rge4 Rae8 26. Rxe8 Rxe8
27. Rxe8 Kxe8 28. Kg2 Ke7 29. Kf3 Ke6 30. g4 Nb6 31. Ke4 Na4 32. Bc1 Nb6 33. f4
Nc8 34. f5+ Kd7 35. Ke5 Ne7 36. Bg5 Ng8 37. f6 Kc6 38. c3 dxc3 39. bxc3 b6 40.
Bd2 c4 41. d4 b5 42. d5+ Kd7 43. g5 a6 44. h4 Kc7 45. h5 Kd7 46. Kd4 Kc7 47.
Kc5 Kd7 48. Bf4 1-0

[Event "N4 Reims / Tour du Roy"]
[Site "?"]
[Date "2016.03.14"]
[Round "6.4"]
[White "Nawara, Abdel El Rahim"]
[Black "Shaverdasvili, Irakli"]
[Result "1-0"]
[WhiteElo "1702"]
[BlackElo "1632"]
[PlyCount "57"]
[EventDate "2016.03.13"]
[SourceDate "2016.03.14"]

1. d4 d5 2. Bf4 e6 3. Nf3 c5 4. e3 Nc6 5. Nc3 h6 6. Be2 Nf6 7. O-O c4 8. Nb5
Bd7 9. Nc7+ Ke7 10. Nxa8 Qxa8 11. Ne5 g5 12. Nxc6+ Bxc6 13. Be5 Rg8 14. Bxf6+
Kxf6 15. f4 Ke7 16. f5 Bg7 17. Bh5 e5 18. f6+ Bxf6 19. Qf3 Bg7 20. Qxf7+ Kd6
21. Qg6+ Kc7 22. Rf7+ Kb6 23. Rxg7 Rxg7 24. Qxg7 e4 25. a4 Qc8 26. a5+ Ka6 27.
b4 cxb3 28. Be2+ b5 29. axb6+ 1-0

[Event "N4 Reims / Tour du Roy"]
[Site "?"]
[Date "2016.03.14"]
[Round "6.5"]
[White "Mondeel, Paul"]
[Black "Barat, Jacques"]
[Result "0-1"]
[WhiteElo "1533"]
[BlackElo "1763"]
[PlyCount "88"]
[EventDate "2016.03.13"]
[SourceDate "2016.03.14"]

1. e4 e5 2. Nf3 Nc6 3. d4 exd4 4. Nxd4 Bc5 5. Be3 Qf6 6. c3 d6 7. Qd2 Bd7 8.
Bb5 Qg6 9. f3 Nf6 10. a4 a6 11. Bf1 O-O 12. b4 Ba7 13. Qf2 Ne5 14. Nd2 Rfe8 15.
Be2 d5 16. h3 dxe4 17. f4 Nd3+ 18. Bxd3 exd3 19. f5 Qh5 20. O-O Nd5 21. Nc4
Nxc3 22. Rae1 b5 23. Na5 Ne2+ 24. Kh2 Nxd4 25. g4 Rxe3 26. gxh5 Nf3+ 27. Kg2 (
27. Qxf3 Rxf3 28. Rxf3) 27... Nxe1+ 28. Rxe1 Re2 29. Rxe2 Bxf2 30. Rxf2 bxa4
31. Rf3 Bb5 32. Rf2 Rd8 33. Rd2 Rd4 34. Kf2 Rxb4 35. Nb7 a3 36. Nc5 Rb2 37. Ke3
Rc2 38. Rxc2 dxc2 39. Kd2 a2 40. Nb3 Ba4 41. Na1 c5 42. Kc1 c4 43. Kb2 Bb3 44.
Kc1 Kf8 0-1

[Event "N4 Reims / Tour du Roy"]
[Site "?"]
[Date "2016.03.15"]
[Round "6.6"]
[White "Amoros, Pierre"]
[Black "Louis, Vincent"]
[Result "1-0"]
[WhiteElo "1652"]
[BlackElo "1391"]
[PlyCount "87"]
[EventDate "2016.03.13"]
[SourceDate "2016.03.15"]

1. e4 e5 2. Nf3 Nf6 3. Nc3 Nc6 4. Bc4 Be7 5. O-O O-O 6. Re1 d6 7. h3 Na5 8. Bf1
Be6 9. d4 exd4 10. Nxd4 Bc4 11. Nf5 Bxf1 12. Kxf1 Nc4 13. Nxe7+ Qxe7 14. b3 Ne5
15. Bg5 h6 16. Nd5 Qd8 17. Nxf6+ gxf6 18. Bxh6 Re8 19. f4 f5 20. fxe5 Qh4 21.
Bc1 fxe4 22. Bb2 dxe5 23. Qg4+ Qxg4 24. hxg4 e3 25. Rxe3 e4 26. Rae1 Rad8 27.
Rxe4 Rxe4 28. Rxe4 Rd7 29. Kf2 Kh7 30. Rd4 Re7 31. Ba3 Re6 32. Rd7 Kg6 33. Rxc7
Ra6 34. Be7 Rxa2 35. g5 b6 36. Ke3 Ra5 37. Kd3 Ra2 38. g4 Ra5 39. Rc6+ Kg7 40.
Bf6+ Kh7 41. Rc8 Rd5+ 42. Kc4 Rd7 43. Rh8+ Kg6 44. Rh6# 1-0

[Event "N4 Reims / Tour du Roy"]
[Site "?"]
[Date "2016.03.15"]
[Round "6.7"]
[White "Belguiral, Baptiste"]
[Black "Francois, Gwladys"]
[Result "0-1"]
[WhiteElo "1270"]
[BlackElo "1597"]
[PlyCount "49"]
[EventDate "2016.03.13"]
[SourceDate "2016.03.15"]

1. e4 c5 2. Nf3 Nc6 3. Bc4 e6 4. Nc3 d6 5. O-O Nf6 6. a3 a6 7. d3 b5 8. Ba2 Be7
9. Be3 Bb7 10. Re1 O-O 11. d4 cxd4 12. Bxd4 Nxd4 13. Qxd4 Qc8 14. Qd1 Rd8 15.
Nd2 Qc5 16. Re3 d5 17. exd5 Nxd5 18. Nxd5 Bxd5 19. b4 Qc6 20. Bxd5 Rxd5 21. Qc1
Bg5 22. Re2 Rad8 23. Ra2 Bxd2 24. Qf1 Bc3 25. Re3 0-1

[Event "Rethel/Epernay"]
[Site "?"]
[Date "2016.03.13"]
[Round "6"]
[White "Sohier, Renaud"]
[Black "Leroy, Patrick"]
[Result "1-0"]
[WhiteElo "2026"]
[BlackElo "1925"]
[PlyCount "71"]
[EventDate "2016.03.15"]
[SourceDate "2016.03.16"]

1. d4 e6 2. c4 c5 3. d5 exd5 4. cxd5 d6 5. Nc3 a6 6. a4 Ne7 7. Bf4 Ng6 8. Bg3
Be7 9. Nf3 O-O 10. Qc2 Bf6 11. e3 Re8 12. Bd3 Bg4 13. Nd2 Be5 14. Nc4 Bxg3 15.
hxg3 Qe7 16. Ne4 Rd8 17. Kd2 Bf5 18. Rh5 Bxe4 19. Bxe4 Nd7 20. Rf5 Nde5 21. Nb6
Rab8 22. Rh1 Ng4 23. Bd3 Re8 24. e4 N6e5 25. Be2 Nf6 26. f3 Ned7 27. Nxd7 Qxd7
28. g4 Qe7 29. Qc1 g6 30. Kd1 Nxe4 31. fxe4 Qxe4 (31... gxf5) 32. Rf2 Qxd5+ 33.
Qd2 Qb3+ 34. Qc2 Qa2 $4 35. Rhf1 Re7 $4 36. Bc4 1-0

[Event "Rethel/Epernay"]
[Site "?"]
[Date "2016.03.13"]
[Round "6"]
[White "Durant, Christophe"]
[Black "Noizet, Donatien"]
[Result "1/2-1/2"]
[WhiteElo "1964"]
[BlackElo "1956"]
[PlyCount "26"]
[EventDate "2016.03.15"]
[SourceDate "2016.03.16"]

1. d4 d5 2. Nf3 Nf6 3. Bf4 Bf5 4. e3 c6 5. c3 Bxb1 6. Qxb1 e6 7. Bd3 Bd6 8.
Bxd6 Qxd6 9. O-O Nbd7 10. Re1 O-O 11. e4 dxe4 12. Bxe4 Nxe4 13. Qxe4 Qd5
1/2-1/2

[Event "Rethel/Epernay"]
[Site "?"]
[Date "2016.03.13"]
[Round "6"]
[White "Gerardin, David"]
[Black "Durant, Marie"]
[Result "0-1"]
[WhiteElo "1743"]
[BlackElo "1847"]
[PlyCount "72"]
[EventDate "2016.03.15"]
[SourceDate "2016.03.16"]

1. Nf3 d5 2. d4 e6 3. b3 c5 4. Bb2 Nc6 5. e3 Nf6 6. Bd3 Be7 7. O-O cxd4 8. Nxd4
a6 9. Nd2 Qc7 10. Nxc6 bxc6 11. c4 e5 12. cxd5 cxd5 13. Rc1 Qb8 14. h3 Be6 15.
Qc2 Bd6 16. Rfd1 O-O 17. Nb1 Qd8 18. Qd2 Qd7 19. Bf1 Ne4 20. Qe2 f5 21. Nc3
Nxc3 22. Bxc3 f4 23. exf4 Rxf4 24. Bd2 Rf6 25. Be1 Rg6 26. Kh1 d4 27. Qe4 Rf8
28. Bc4 Bxc4 29. Rxc4 Qe6 30. f3 Bb8 31. Rdc1 Qd7 32. Qd3 Qb7 33. Rc5 e4 34.
Qxd4 exf3 35. Qd5+ Qxd5 36. Rxd5 fxg2+ 0-1